Score 0/25 Timer 05:00
5 Plays Today
% Correct
goose
95.7%
eclipse
95.5%
karate
95%
waffle
95%
olive
94.5%
dime
94.4%
fudge
93%
parachute
92.7%
Braille
92.7%
rifle
90.1%
hive
89.5%
zombie
89.1%
thimble
85.8%
% Correct
umpire
85.4%
artichoke
85.2%
luge
80.6%
soufflé
79.6%
jade
76.9%
valve
66.2%
mosque
62.7%
chalice
59.1%
yoke
55%
quince
46.3%
iodine
37.6%
nitrate
28.7%
Remove Ads.
Support Sporcle.
Get the best of Sporcle when you Go Orange. This ad-free experience offers more features, more stats, and more fun while also helping to support Sporcle. Thank you for becoming a member.

You're not logged in!

Compare scores with friends on all Sporcle quizzes.
OR
Log In

Show Comments

Extras

Top Quizzes Today


Score Distribution

Your Account Isn't Verified!

In order to create a playlist on Sporcle, you need to verify the email address you used during registration. Go to your Sporcle Settings to finish the process.

Report this User

Report this user for behavior that violates our Community Guidelines.

Details: